Порядок проведения аттестации промышленной продукции по трем категориям качества: методические документы

Detaylı Bibliyografya
Müşterek Yazar: СССР Государственный комитет стандартов (Госстандарт)
Diğer Yazarlar: Сазонова В. Г. (редактор)
Dil:Rusça
Baskı/Yayın Bilgisi: Москва, Изд-во стандартов, 1981
Konular:
Materyal Türü: Kitap
KOHA link:https://koha.lib.tpu.ru/cgi-bin/koha/opac-detail.pl?biblionumber=310225

MARC

LEADER 00000nam0a2200000 4500
001 310225
005 20231102002251.0
020 |a RU  |b 81-49331 
035 |a (RuTPU)RU\TPU\book\335574 
090 |a 310225 
100 |a 20151123d1981 km y0rusy5003 ca 
101 0 |a rus 
102 |a RU 
105 |a y z 000zy 
200 1 |a Порядок проведения аттестации промышленной продукции по трем категориям качества  |e методические документы  |f СССР, Государственный комитет стандартов (Госстандарт) ; под ред. В. Г. Сазоновой 
210 |a Москва  |c Изд-во стандартов  |d 1981 
215 |a 80 с. 
606 1 |a Бездефектное изготовление продукции  |2 stltpush  |3 (RuTPU)RU\TPU\subj\28148  |9 51739 
610 1 |a промышленная продукция 
610 1 |a качество 
610 1 |a аттестация 
610 1 |a документы 
610 1 |a формы 
610 1 |a указания 
610 1 |a категории 
675 |a 658.562.6  |z rus  |v 3 
702 1 |a Сазонова  |b В. Г.  |4 340 
712 0 1 |a СССР  |b Государственный комитет стандартов (Госстандарт)  |c (1970-1978)  |2 stltpush  |3 (RuTPU)RU\TPU\col\4389 
801 0 |a RU  |b RuMRKP  |c 19950704  |g psbo 
801 1 |a RU  |b 63413507  |c 20151123 
801 2 |a RU  |b 63413507  |c 20160701  |g RCR 
942 |c BK